000 00327nam a22001337a 4500
008 170627b xxu||||| |||| 00| 0 eng d
020 _a0943852499
041 _aeng
080 _a32
100 _a21
101 _aSHP
245 _aGORBACHEV GENERATION ISSUES IN SOVIET DOMESTIC POLICY
_cZACEKI.J.SH
942 _2udc
_cBK
999 _c19123
_d19123